Ekonomická kríza a jej vplyv na vybrané socioekonomické ukazovatele

Zámerom príspevku je identifikovať možné prepojenie medzi ekonomickou krízou od roku 2008, resp. 2007 a jej vplyvom na vybrané ukazovatele - medzera chudoby, riziko chudoby po sociálnych transferoch, dlhodobá nezamestnanosť, materiálna deprivácia, príjmová nerovnosť meraná Giniho indexom a koeficien...

Full description

Saved in:
Bibliographic Details
Main Author: Veselková, Alexandra
Format: Book Chapter
Language:Slovak
Subjects:
Tags: Add Tag
No Tags, Be the first to tag this record!

MARC

LEADER 00000nla a2200000 4500
001 0183287
005 20240502073132.4
041 0 |a slo 
044 |a SK 
245 1 0 |a Ekonomická kríza a jej vplyv na vybrané socioekonomické ukazovatele  |c Alexandra Veselková 
520 |a Zámerom príspevku je identifikovať možné prepojenie medzi ekonomickou krízou od roku 2008, resp. 2007 a jej vplyvom na vybrané ukazovatele - medzera chudoby, riziko chudoby po sociálnych transferoch, dlhodobá nezamestnanosť, materiálna deprivácia, príjmová nerovnosť meraná Giniho indexom a koeficientom S80 / S20. 
610 2 0 |a kríza hospodárska 
610 2 0 |a ukazovatele ekonomické 
610 2 0 |a ukazovatele sociálne 
610 2 0 |a Vyšehradská štvorka 
610 2 0 |a Európska únia 
100 1 |a Veselková, Alexandra